000 00515cam a2200193 4500
008 000000n1999 000 0 eng u
020 _a1860813003
035 _a(Sirsi) u100396
041 _aENG
050 _a690
110 _aBuilding Research Establishment
245 _aRepointing external brickwork walls.
260 _aWatford
_bCRC Ltd
_c1999
300 _a4p. ; 30cm.
490 _aBRE Good Repair Guide
_v24
650 _aBRICKWORK
690 _aBUILT ENVIRONMENT-CONSTRUCTION DESIGN
942 _n0
999 _c99688
_d99688